Fuel and energy /

Guardado en:
Autor Principal: Harker, J. H. 1937-
Otros Autores: Backhurst, J. R., (John Rayner)
Formato: Libro
Idioma:English
Publicado: London : Academic Press, 1981.
Series:Energy science and engineering
Materias:
Etiquetas: Agregar Etiqueta
Sin Etiquetas, Sea el primero en etiquetar este registro!
LEADER 00859nam a22002535a 4500
001 EIQ.libpla003608
008 820108s1981####enka#####b####001#0#eng#d
005 20080604195237.0
245 1 0 |a Fuel and energy /  |c J.H. Harker and J.R. Backhurst. 
260 |a London :  |b Academic Press,  |c 1981. 
300 |a xi, 362 p. :  |b il. ;  |c 24 cm. 
440 0 |a Energy science and engineering 
504 |a Incluye referencias bibliográficas e índice. 
020 |a 0123252504 
100 1 |a Harker, J. H.  |q (John Hadlett),  |d 1937- 
700 1 |a Backhurst, J. R.,  |d (John Rayner)  |q 1942- 
082 0 0 |a 333.79  |2 19 
650 4 |a Procesos  |x Recursos de energía. 
650 4 |a Procesos  |x Combustible. 
650 4 |a Processes  |x Fuel. 
650 4 |a Processes  |x Power resources. 
010 |a  80042194  
040 |a DLC  |c DLC  |d AR-BbSID 
859 |a AR-BbSID  |b BIB. PLAPIQUI  |h 333.7  |i H 212  |p 2058